| 000 | 00683nam a2200217 a 4500 | ||
|---|---|---|---|
| 999 |
_c2710 _d2710 |
||
| 001 | 2710 | ||
| 003 | BD-JhCC | ||
| 005 | 20171106114109.0 | ||
| 008 | 171106s1395 bg |||| ||a| 000 0 ben d | ||
| 035 | _a(BD-JhCC)2710 | ||
| 040 |
_aBD-JhCC _dBD-JhCC |
||
| 041 | _aben | ||
| 082 |
_a891.443 _bGUP 1395 |
||
| 100 | _aগুপ্ত, নীহাররঞ্জন | ||
| 245 |
_aঘুম নেই / _cনীহাররঞ্জন গুপ্ত |
||
| 260 |
_aকলকাতা : _bমিত্র ও ঘোষ পাবলিশার্স প্রাঃ লিঃ, _c1395. |
||
| 300 |
_a120 p. : _c21 cm. |
||
| 650 | _aBengali Novel | ||
| 942 |
_2ddc _cBK |
||